000 00417nam a22001217a 4500
040 _cSY
082 _a621
100 _aNA
245 _aAn assessment of small medium enterprises(smes) development at the border twin cities of the gms: a case study of aranyprathet(thailand), mukdahan(thialan) ,ar sao(thialand), savannakhet(lao pdr) and tachileik (myanmar)
260 _aRUA
_bNA
_c2010
300 _a34p.
942 _cEK
999 _c9734
_d9734